<?xml version="1.0" encoding="UTF-8"?>
<record
    xmlns:xsi="http://www.w3.org/2001/XMLSchema-instance"
    xsi:schemaLocation="http://www.loc.gov/MARC21/slim http://www.loc.gov/standards/marcxml/schema/MARC21slim.xsd"
    xmlns="http://www.loc.gov/MARC21/slim">

  <leader>00941nam a2200301uu 4500</leader>
  <controlfield tag="001">1032925</controlfield>
  <controlfield tag="005">20260507074851.0</controlfield>
  <controlfield tag="008">070612s2005                        spa  </controlfield>
  <datafield tag="020" ind1=" " ind2=" ">
    <subfield code="a">9589768547</subfield>
  </datafield>
  <datafield tag="035" ind1=" " ind2=" ">
    <subfield code="a">1032925</subfield>
  </datafield>
  <datafield tag="035" ind1=" " ind2=" ">
    <subfield code="a">(OCoLC)777619335</subfield>
  </datafield>
  <datafield tag="040" ind1=" " ind2=" ">
    <subfield code="c">comduadb</subfield>
  </datafield>
  <datafield tag="041" ind1=" " ind2=" ">
    <subfield code="a">spa</subfield>
  </datafield>
  <datafield tag="080" ind1=" " ind2=" ">
    <subfield code="a">LB</subfield>
  </datafield>
  <datafield tag="100" ind1="1" ind2="0">
    <subfield code="a">Guar&#xED;n Ocampo, Freddy Alberto</subfield>
    <subfield code="4">aut</subfield>
    <subfield code="e">aut</subfield>
    <subfield code="9">259466</subfield>
  </datafield>
  <datafield tag="245" ind1="1" ind2="3">
    <subfield code="a">El primer a&#xF1;o de vida linguistico</subfield>
  </datafield>
  <datafield tag="260" ind1=" " ind2=" ">
    <subfield code="a">Medell&#xED;n :</subfield>
    <subfield code="b">Fundaci&#xF3;n Universitaria Luis Amig&#xF3; (FUNLAM),</subfield>
    <subfield code="c">2005.</subfield>
  </datafield>
  <datafield tag="300" ind1=" " ind2=" ">
    <subfield code="a">176 p&#xE1;ginas</subfield>
  </datafield>
  <datafield tag="650" ind1=" " ind2=" ">
    <subfield code="a">Ni&#xF1;os - Lenguaje</subfield>
    <subfield code="9">163530</subfield>
  </datafield>
  <datafield tag="650" ind1=" " ind2="7">
    <subfield code="a">Psicoling&#xFC;&#xED;stica</subfield>
    <subfield code="2">lemb</subfield>
    <subfield code="9">31208</subfield>
  </datafield>
  <datafield tag="650" ind1=" " ind2=" ">
    <subfield code="a">Desarrollo del lenguaje infantil</subfield>
    <subfield code="9">60852</subfield>
  </datafield>
  <datafield tag="650" ind1=" " ind2=" ">
    <subfield code="a">Comunicacion y linguistica</subfield>
    <subfield code="9">144414</subfield>
  </datafield>
  <datafield tag="650" ind1=" " ind2="7">
    <subfield code="a">Madres e hijos</subfield>
    <subfield code="2">lemb</subfield>
    <subfield code="9">42349</subfield>
  </datafield>
  <datafield tag="700" ind1="1" ind2="0">
    <subfield code="a">Colorado, Leonardo</subfield>
    <subfield code="4">res</subfield>
    <subfield code="e">res</subfield>
    <subfield code="9">443381</subfield>
  </datafield>
  <datafield tag="700" ind1="1" ind2="0">
    <subfield code="a">Lopera, Maritza</subfield>
    <subfield code="4">res</subfield>
    <subfield code="e">res</subfield>
    <subfield code="9">443382</subfield>
  </datafield>
  <datafield tag="700" ind1="1" ind2="0">
    <subfield code="a">Suarez, Andrea</subfield>
    <subfield code="4">res</subfield>
    <subfield code="e">res</subfield>
  </datafield>
  <datafield tag="942" ind1=" " ind2=" ">
    <subfield code="c">BOOK</subfield>
  </datafield>
  <datafield tag="999" ind1=" " ind2=" ">
    <subfield code="c">420823</subfield>
    <subfield code="d">420823</subfield>
  </datafield>
  <datafield tag="952" ind1=" " ind2=" ">
    <subfield code="0">0</subfield>
    <subfield code="1">0</subfield>
    <subfield code="4">0</subfield>
    <subfield code="7">0</subfield>
    <subfield code="8">GENERAL</subfield>
    <subfield code="a">EDUFI</subfield>
    <subfield code="b">EDUFI</subfield>
    <subfield code="d">2007-06-12</subfield>
    <subfield code="e">Material adquirido por canje</subfield>
    <subfield code="i">C953138</subfield>
    <subfield code="l">0</subfield>
    <subfield code="o">LB1139 G8</subfield>
    <subfield code="p">0703035</subfield>
    <subfield code="r">2023-04-27 00:00:00</subfield>
    <subfield code="t">1</subfield>
    <subfield code="w">2023-04-27</subfield>
    <subfield code="y">BOOK</subfield>
  </datafield>
</record>
